| 000 | 00847cab a2200265 4500 | ||
|---|---|---|---|
| 001 | ABS54666 | ||
| 008 | 090401t1996 xxu||||| |||| 00| 0 eng d | ||
| 035 | _a(Sirsi) u11622 | ||
| 041 | _aeng | ||
| 100 | _aSlavid, R. | ||
| 245 | _aTime for a 1990s revival | ||
| 260 | _c1996 | ||
| 350 | _a0 | ||
| 490 |
_aArchitects` Journal _v203(10) 14 March 1996, 48-49(2) |
||
| 520 | _a1960s and 1970s office buildings are now considered prime candidates for refurbishment. Looks at two examples Carolyn House, Croydon and Walker House in the City of London. | ||
| 650 | _a1960S BUILDINGS | ||
| 650 | _a1970S BUILDINGS | ||
| 650 | _aFEASIBILITY | ||
| 650 | _aOBSOLETE | ||
| 650 | _aOFFICE BUILDINGS | ||
| 650 | _aBUILT ENVIRONMENT-BUILDING MAINTENANCE AND REFURBISHMENT | ||
| 690 |
_aRefurbishment _96264 |
||
| 942 | _n0 | ||
| 948 | _c04/03/1997 | ||
| 999 |
_c7415 _d7415 |
||